Microcosmographia academica ; being a guide for the young academic politician /

Bibliographic Details
Main Author: Cornford, Francis Macdonald, 1874-1943
Format: Book
Language:English
Published: New York : Barnes & Noble, [1966]
Edition:[6th ed.].
Subjects:

MARC

Tag First Indicator Second Indicator Subfields
LEADER 00000cam a2200000 4500
001 in00000063040
005 20151008051134.0
008 770801s1966 nyu 00000 eng
010 |a  66003248  
035 |a (OCoLC)03152537 
035 |9 AAG5980AM 
040 |a DLC  |c OCP  |d TXA  |d UtOrBLW 
049 |a TXAM  |c [463338] 
050 0 |a JF2049  |b .C6 1966 
082 0 |a 329 
092 |a 329  |b C816m, 1966 
100 1 |a Cornford, Francis Macdonald,  |d 1874-1943. 
245 1 0 |a Microcosmographia academica ;  |b being a guide for the young academic politician /  |c Pref. by W. K. C. Guthrie. 
250 |a [6th ed.]. 
264 1 |a New York :  |b Barnes & Noble,  |c [1966] 
300 |a 32 pages ;  |c 22 cm. 
336 |a text  |b txt  |2 rdacontent 
337 |a unmediated  |b n  |2 rdamedia 
338 |a volume  |b nc  |2 rdacarrier 
650 0 |a Politics, Practical. 
999 |a MARS 
999 f f |s 24a7cafe-cde1-3bcd-a589-7408e2ba879b  |i 8d03453b-75f7-39ec-a358-71d61ee99cd3  |t 0 
952 f f |p ric  |a Texas A&M University  |b Rellis Campus  |c Joint Library Facility  |d Remote Storage  |t 0  |e JF2049 .C6 1966  |h Library of Congress classification  |i unmediated -- volume  |m A14800682891 
998 f f |a JF2049 .C6 1966  |t 0  |l Remote Storage